书目信息 |
| 题名: |
数学·科学与文化的殿堂
|
|
| 作者: | 傅海伦 编著 | |
| 分册: | ||
| 出版信息: | 西安 陕西科学技术出版社 2004 |
|
| 页数: | 193页 | |
| 开本: | 23cm | |
| 丛书名: | 中学生科室素养丛书 | |
| 单 册: | ||
| 中图分类: | G634.603 | |
| 科图分类: | ||
| 主题词: | 数学课--中学--课外读物 , 数学课 | |
| 电子资源: | ||
| ISBN: | 7-5369-3702-4 | |
| 000 | 00876oam2 2200265 45 | |
| 001 | 070000019394 | |
| 005 | 20050921105417.31 | |
| 010 | @a7-5369-3702-4@dCNY20.00 | |
| 100 | @a20050112d2004 ekmy0chiy0120 ea | |
| 101 | 0 | @achi |
| 102 | @aCN@b610000 | |
| 105 | @ay az 000yy | |
| 200 | 1 | @a数学·科学与文化的殿堂@Ashu xue· ke xue yu wen hua de dian tang@f傅海伦编著@Ffu hai lun bian zhu |
| 210 | @a西安@c陕西科学技术出版社@d2004 | |
| 215 | @a193页@d23cm | |
| 225 | 2 | @a中学生科室素养丛书 |
| 320 | @a有书目 | |
| 330 | @a本书是以小故事的形式、生动的文字、提供给中学数学课程的课外读物,阐述了“数学发展的历史轨迹、数学文化的丰富内涵”等。 | |
| 461 | 0 | @12001 @a中学生科室素养丛书 |
| 606 | 0 | @a数学课@x中学@j课外读物 |
| 606 | 0 | @a数学课 |
| 690 | @aG634.603@v4 | |
| 701 | 0 | @a傅海伦@Afu hai lun@4编著 |
| 801 | 0 | @aCN@bTSSF@c20050921 |
| 905 | @a10447@dG634.603@e120 | |
| 数学·科学与文化的殿堂/傅海伦编著.-西安:陕西科学技术出版社,2004 |
| 193页;23cm.-(中学生科室素养丛书) |
| ISBN 7-5369-3702-4:CNY20.00 |
| 本书是以小故事的形式、生动的文字、提供给中学数学课程的课外读物,阐述了“数学发展的历史轨迹、数学文化的丰富内涵”等。 |
| ● |
| 相关链接 |
|
|
|
|
正题名:数学·科学与文化的殿堂
索取号:G634.603/120
 
预约/预借
| 序号 | 登录号 | 条形码 | 馆藏地/架位号 | 状态 | 备注 |
| 1 | 0362657 | 3626570 | 第一样本阅览室/ [索取号:G634.603/120] | 在馆 | |
| 2 | 0362658 | 3626589 | 第四借阅区/ [索取号:G634.603/120] | 在馆 | |
| 3 | 0362659 | 3626598 | 第四借阅区/ [索取号:G634.603/120] | 在馆 | |
| 4 | 0362660 | 3626605 | 第四借阅区/ [索取号:G634.603/120] | 在馆 | |
| 5 | 0362661 | 3626614 | 第四借阅区/ [索取号:G634.603/120] | 在馆 | |
| 6 | 0362662 | 3626623 | 第四借阅区/ [索取号:G634.603/120] | 在馆 | |
| 7 | 0362663 | 3626632 | 第四借阅区/ [索取号:G634.603/120] | 在馆 | |
| 8 | 0362664 | 3626641 | 第四借阅区/ [索取号:G634.603/120] | 在馆 |